Fashion; (Record no. 17846)

MARC details
000 -LEADER
fixed length control field 00758cam a22002291 4500
001 - CONTROL NUMBER
control field ca 35000551
003 - CONTROL NUMBER IDENTIFIER
control field DLC
005 - DATE AND TIME OF LATEST TRANSACTION
control field 20260227111138.0
008 - FIXED-LENGTH DATA ELEMENTS--GENERAL INFORMATION
fixed length control field 791103s1935 maua 000 0 eng
010 ## - LIBRARY OF CONGRESS CONTROL NUMBER
LC control number ca 35000551
035 ## - SYSTEM CONTROL NUMBER
System control number (OCoLC)5640465
040 ## - CATALOGING SOURCE
Original cataloging agency DLC
Transcribing agency OCl
Modifying agency OCoLC
-- DLC
042 ## - AUTHENTICATION CODE
Authentication code premarc
050 00 - LIBRARY OF CONGRESS CALL NUMBER
Classification number PS2716
Item number .F3 1935
082 ## - DEWEY DECIMAL CLASSIFICATION NUMBER
Classification number 812.5
100 1# - MAIN ENTRY--PERSONAL NAME
Personal name Ritchie, Anna Cora Ogden Mowatt,
Dates associated with a name 1819-1870.
245 10 - TITLE STATEMENT
Title Fashion;
Remainder of title or, Life in New York, a comedy in five acts,
Statement of responsibility, etc. by Anna Cora Mowatt; a new acting edition arranged by Frank E. Fowle.
260 ## - PUBLICATION, DISTRIBUTION, ETC.
Place of publication, distribution, etc. Boston,
Name of publisher, distributor, etc. Walter H. Baker company
Date of publication, distribution, etc. [c1935]
300 ## - PHYSICAL DESCRIPTION
Extent 79, [1] p.
Other physical details diagrs.
Dimensions 19 cm.
500 ## - GENERAL NOTE
General note At head of title: Famous plays in acting editions.
600 10 - SUBJECT ADDED ENTRY--PERSONAL NAME
Personal name Fowle, Frank E.

No items available.

Powered by Koha